000 00676nam a2200217 i 4500
001 bg
100 1 _aŻółtkowski, Wiesław.
245 1 0 _aZarządzanie ryzykiem bankowym w praktyce :
_bw kontekście nowej umowy kapitałowej (Basel II) /
_cWiesław Żółtkowski.
260 _aWarszawa :
_bCeDeWu,
_c2007.
300 _a215 s. ;
_c23 cm.
504 _aBibliogr. s. 215.
650 9 _aRyzyko bankowe
_xzarządzanie
020 _a9788375560060
040 _cBPK
041 0 _apol
044 _aPOL
080 _a336.7
942 _cKS
008 s pl f |000 0 pol
999 _c54699
_d54699
856 _uhttp://koha.tu.koszalin.pl/cgi-bin/koha/opac-detail.pl?biblionumber=54699
_yKatalog online BPK